000 00647nam a22001337a 4500
040 _cRUA
082 _aAGR SEU 2024 B1.286 Or.1
100 _aSEUN TANG, ស៊ឺន តង់
245 _aTHE Effect of Different Composting Methods on Chicken Manure Productivity, ឥទ្ធិពលនៃវិធីសាស្រ្តផ្អាប់ខុសៗគ្នាទៅលើផលិតភាពជីកំប៉ុស្តិ៍លាមកមាន់
260 _aPHNOM PENH
_bRUA
_c2024
300 _aviii,
_bill,
_c29cm,
856 _uhttps://drive.google.com/file/d/1to-Ha6wJSvbmws9ujQBTxV-5YB7BDwqd/view?usp=sharing
942 _cAGR
999 _c24704
_d24704